Datum a čas kvízu
25
Celkem bodů
Celkový počet nahraných bodů na tomto kvízu bez doplňovacích otázek.
9.
Pořadí na kvízu
Konečné umístění týmu na tomto kvízu.
Zaznamenané odpovědi
| # | Otázka | Odpověď | Body | Výsledky |
|---|---|---|---|---|
| 1. | Minulý týden projednával Městs... | krabice od banánů, Lidl | 1 | |
| 2. | Ve kterém městě zahajoval Kare... | v Ottawě | 0 | |
| 3. | Jak se jmenuje seriál, do něho... | Harry Potter, HBO (Max) | 0.5 | |
| 4. | Jak se jmenuje horská chata le... | Luční bouda | 0 | |
| 5. | Dvojnásobná grandslamová šampi... | Jiří Novák | 0 | |
| 6. | Milovníci komiksů se každoročn... | Comic-Con | 1 | |
| 7. | Hlavní postavy ze seriálu Teor... | Stuart | 0 | |
| 8. | Jedním z nejoblíbenějších komi... | 1C 2D 3A 4B | 0 | |
| 9. | Jak se jmenuje muž, který nakr... | Kája (Karel) Saudek | 0 | |
| 10. | V současné době vychází v komi... | Karel Jaromír Erben, Kytice | 0 |